| 000 | 00421nam a2200157 i 4500 | ||
|---|---|---|---|
| 001 | 97809 | ||
| 003 | ES-MaACL | ||
| 005 | 20230906182149.0 | ||
| 007 | t| | ||
| 008 | 050719s1911 sp ||||1| spa d | ||
| 100 | 1 |
_aMarina Aguirre, Francisco. _976825 |
|
| 245 | 1 | 0 |
_aManual del piloto / _cFrancisco Marina. |
| 260 |
_aMadrid : _bMinisterio de Marina, _c1911. |
||
| 300 |
_a510 p. ; _c23 cm. |
||
| 852 |
_aES-MaACL _jF-1804 |
||
| 999 |
_c97809 _d97809 |
||